|
|
|
|
| LEADER |
00900cam a2200205 7i4500 |
| 001 |
0000026992 |
| 005 |
20180306090000.0 |
| 008 |
090421 eng |
| 090 |
0 |
0 |
|a RE48.2
|b .H36 2008
|
| 100 |
0 |
|
|a Hamidah Hussin
|
| 245 |
1 |
0 |
|a Study on blurring of vision among standard one student in Taman Ungku Tun Aminah Johor Bahru
|c Hamidah binti Hussin.
|
| 260 |
|
|
|a Bestari Jaya, Selangor:
|b UNISEL,
|c 2008.
|
| 300 |
|
|
|a xii, 52 p.:
|b ill. (some col.);
|c 30 cm.
|
| 500 |
|
|
|a Please login MyLib (library.unisel.edu.my/web/guest/mylibrary - click eDocument)
|
| 502 |
|
|
|a Biomedical and Life Sciences, Bachelor, UNISEL, 2008
|
| 610 |
2 |
|
|a Universiti Industri Selangor
|
| 650 |
0 |
0 |
|a Blurred vision --
|x Case study --
|z Johor, Malaysia
|
| 650 |
0 |
0 |
|a Eye problem --
|x Children
|
| 999 |
|
|
|a THE0000701
|b THESIS
|c THESIS
|e 2nd Floor, Shah Alam
|
| 999 |
|
|
|a THE0000752
|b THESIS
|c THESIS
|e 2nd Floor, Shah Alam
|